000 00325nam a2200133 i 4500
001 bg
100 1 _aJAkubovskij, B. N.
245 _aŻelezobetonnye i betonnye konstrukcii /
_cB.N. Jakubovskij.
260 _aMoskva,
_c1970.
040 _cBPK
041 _apol
942 _cKS
008 s pl f |000 0 pol
999 _c12904
_d12904
856 _uhttp://koha.tu.koszalin.pl/cgi-bin/koha/opac-detail.pl?biblionumber=12904
_yKatalog online BPK